BIBLIOTECA

SENCICO

Evaluación de la calidad en bibliotecas : (Registro nro. 100)

Detalles MARC
000 -LEADER
fixed length control field 01631nam a2200301Ia 4500
003 - CONTROL NUMBER IDENTIFIER
control field PE SENCICO BE
005 - DATE AND TIME OF LATEST TRANSACTION
control field 20251020182426.0
008 - FIXED-LENGTH DATA ELEMENTS--GENERAL INFORMATION
fixed length control field 200515s9999 xx 000 0 und d
020 ## - INTERNATIONAL STANDARD BOOK NUMBER
International Standard Book Number 978-987-1305-45-2
040 ## - CATALOGING SOURCE
Original cataloging agency PE SENCICO BE
Transcribing agency PE SENCICO BE
041 ## - LANGUAGE CODE
Language code of text/sound track or separate title spa
082 ## - DEWEY DECIMAL CLASSIFICATION NUMBER
Classification number 025.1
Item number G49
100 1# - MAIN ENTRY--PERSONAL NAME
Personal name Gimeno Perelló, Javier
9 (RLIN) 1533
Relator term autor
245 10 - TITLE STATEMENT
Title Evaluación de la calidad en bibliotecas :
Remainder of title compromiso con el público /
Statement of responsibility, etc. Javier Gimeno Perelló
250 ## - EDITION STATEMENT
Edition statement 1a ed.
260 ## - PUBLICATION, DISTRIBUTION, ETC.
Place of publication, distribution, etc. Buenos Aires :
Name of publisher, distributor, etc. Alfagrama,
Date of publication, distribution, etc. 2008
300 ## - PHYSICAL DESCRIPTION
Extent 460 páginas :
Other physical details tabls. ;
Dimensions 22 cm.
490 ## - SERIES STATEMENT
Series statement Biblioteca Alfagrama
504 ## - BIBLIOGRAPHY, ETC. NOTE
Bibliography, etc. note Bibliografía: p. [443]-453
505 0# - FORMATTED CONTENTS NOTE
Formatted contents note Conceptos de calidad, calidad aplicada a la biblioteca como servicio público -- Modelo de diseño para un plan de evaluación de la calidad de una biblioteca -- Principales métodos para la evaluación de la calidad bibliotecaria -- Indicadores para la evaluación de la calidad bibliotecaria -- La calidad no finaliza en el proceso de evaluación: los planes de mejora y ... -- Continuidad en el plan de mejoras: mejorando la calidad, continuando las mejoras.
520 ## - SUMMARY, ETC.
Summary, etc. Propone respuestas a las interrogantes que en torno a la calidad de aquéllos se formulan los usuarios que acuden, por necesidad por placer, a nuestras bibliotecas públicas, universitarias o especializadas, y a los centros de documentación o de información
650 10 - SUBJECT ADDED ENTRY--TOPICAL TERM
Topical term or geographic name entry element Evaluación de bibliotecas
9 (RLIN) 1534
650 20 - SUBJECT ADDED ENTRY--TOPICAL TERM
Topical term or geographic name entry element Control de calidad
9 (RLIN) 485
650 20 - SUBJECT ADDED ENTRY--TOPICAL TERM
Topical term or geographic name entry element Servicios al cliente
9 (RLIN) 1535
650 20 - SUBJECT ADDED ENTRY--TOPICAL TERM
Topical term or geographic name entry element Biblioteconomía
9 (RLIN) 1536
942 ## - ADDED ENTRY ELEMENTS (KOHA)
Koha item type Libros
Source of classification or shelving scheme Dewey Decimal Classification
Existencias
Fecha de la última vez que lo usaron Número de ingreso o de inventario Pago total Signatura topográfica completa Código de barras Precio efectivo desde Tipo de documento Estado perdido Sistema de clasificación Estado dañado No es para préstamo Retirado Ubicación permanente Ubicación actual Fecha de adquisición Fuente de adquisición
15/05/2020 15716   025.1/G49 BibLima24050043 15/05/2020 Libros   Dewey Decimal Classification       Biblioteca Central Lima Biblioteca Central Lima 15/05/2020  
12/09/2023 16695   025.1/G49/ej. 2 BibLima24050044 12/09/2023 Libros   Dewey Decimal Classification       Biblioteca Central Lima Biblioteca Central Lima 08/09/2023 Donado por el Lic. Henry Chavez Sanchez